Verzeichnis der Postorte, deren Namen durch Anordnung des Reichsstatthalters in Danzig-Westpreußen vom 25.Juni 1942 geändert worden sind

Titel: Verzeichnis der Postorte, deren Namen durch Anordnung des Reichsstatthalters in Danzig-Westpreußen vom 25.Juni 1942 geändert worden sind / zsgest. von der Reichspostdirektion Danzig
Körperschaft:
Veröffentlicht: [Danzig], [1942]
Umfang: 20 S.
Format: Buch
Sprache: Deutsch
Kein Bild verfügbar
X
Lokale Klassifikation: 7 2 C
alg: 12415830
001A    $03004:18-10-04 
001B    $01999:26-05-23 $t18:17:40.000 
001C    $03004:18-10-04 $t09:12:03.000 
001D    $03004:18-10-04 
001U    $0utf8 
001X    $00 
002@    $0Aau 
003@    $0124158307 
003O    $0177290995 $aOCoLC 
007A    $0124158307 $aHEB 
007T    $0Herdhh124158307 
010@    $ager 
011@    $a1942 $n[1942] 
021A    $aVerzeichnis der Postorte, deren Namen durch Anordnung des Reichsstatthalters in Danzig-Westpreußen vom 25.Juni 1942 geändert worden sind $hzsgest. von der Reichspostdirektion Danzig 
029F    $75053160-8 $8Reichspostdirektion$gDanzig [Tb1] $9044678444 
033A    $p[Danzig] 
034D    $a20 S. 
045F    $a910.94382 $eDDC23BSB 
045F/01 $a910 
045F/03 $g4382 
045G    $a307.094382 $eDDC23BSB 
045G/01 $a307.09 
045G/03 $g4382 
045G/03 $g43832 

lok: 12415830 24
101B    $018-10-04 $t09:12:03.000 
101C    $018-10-04 
145Z/01 $a7 2 C 
101U    $0utf8 

exp: 12415830 24 1 #EPN
201B/01 $018-10-04 $t09:12:03.000 
201C/01 $018-10-04 
203@/01 $0220664455 
208@/01 $a18-10-04 $br 
209A/01 $a7 II C 6 $du $f050 $h7 2 C 6 $x00 
209C/01 $aCb 13 $hCb 13 
209G/01 $a70744627 $x00 
220C/01 $agro 
247C/01 $8358050-7 Marburg, Bibliothek des Herder-Instituts Marburg $9102600961 
201U/01 $0utf8 

lok: 12415830 78

exp: 12415830 78 1 #EPN
201B/01 $019-04-17 $t19:31:03.000 
201U/01 $0utf8 
203@/01 $0793745292 
208@/01 $a12-11-16 $be 
209A/01 $a/ $f000 $x00 
237A/01 $aweiterführende Signatur(en): Herder-Institut: 7 II C 6 
244Z/01 $2Trx $#Prusy Wschodnie i Zachodnie $8--Trx--Ost- und Westpreußen $x01 $939113373X 
245Z/01 $a13.01 $x01 
247C/01 $82080>Marburg/Lahn, Herder-Institut, Forschungsbibliothek, Bibliographieportal $9336309341
LEADER 00000cam a2200000 c 4500
001 124158307
003 DE-603
005 20230526181740.0
007 tu
008 041018s1942 xx |||| | u00||u|ger c
035 |a (DE-599)HEB124158307 
035 |a (OCoLC)177290995 
040 |a DE-603  |b ger  |c DE-603  |d DE-603 
041 |a ger 
082 0 4 |8 1\u  |a 910.94382  |q DE-101  |2 23/BSB 
083 0 |8 2\u  |a 307.094382  |q DE-101  |2 23/BSB 
085 |8 1\u  |b 910 
085 |8 1\u  |z 2  |s 4382 
085 |8 2\u  |b 307.09 
085 |8 2\u  |z 2  |s 4382 
085 |8 2\u  |z 2  |s 43832 
245 0 0 |a Verzeichnis der Postorte, deren Namen durch Anordnung des Reichsstatthalters in Danzig-Westpreußen vom 25.Juni 1942 geändert worden sind  |c zsgest. von der Reichspostdirektion Danzig 
264 1 |a [Danzig]  |c [1942] 
300 |a 20 S. 
710 2 |a Reichspostdirektion  |g Danzig  |0 (DE-603)044678444  |0 (DE-588)5053160-8  |2 gnd 
924 0 |9 Mb 50  |a (DE-603)220664455  |b DE-Mb50  |c HES  |d c  |g 7 II C 6 
924 0 |9 2080  |a (DE-603)793745292  |b DE-2080  |c HES  |d d  |g /